Sedjarah Hidup nabi Muhammad s. a. w., (Record no. 89102)
[ view plain ]
| 000 -LEADER | |
|---|---|
| fixed length control field | 00612cam a22002171 4500 |
| 001 - CONTROL NUMBER | |
| control field | sa 68019832 |
| 003 - CONTROL NUMBER IDENTIFIER | |
| control field | DLC |
| 005 - DATE AND TIME OF LATEST TRANSACTION | |
| control field | 20260227112720.0 |
| 008 - FIXED-LENGTH DATA ELEMENTS--GENERAL INFORMATION | |
| fixed length control field | 781006q1960 io 000 0 ind |
| 010 ## - LIBRARY OF CONGRESS CONTROL NUMBER | |
| LC control number | sa 68019832 |
| 035 ## - SYSTEM CONTROL NUMBER | |
| System control number | (OCoLC)4278781 |
| 040 ## - CATALOGING SOURCE | |
| Original cataloging agency | DLC |
| Transcribing agency | CtY |
| Modifying agency | DLC |
| 041 0# - LANGUAGE CODE | |
| Language code of text/sound track or separate title | indara |
| 042 ## - AUTHENTICATION CODE | |
| Authentication code | premarc |
| 050 00 - LIBRARY OF CONGRESS CALL NUMBER | |
| Classification number | PL5089.A242 |
| Item number | S4 |
| 100 0# - MAIN ENTRY--PERSONAL NAME | |
| Personal name | Aboebakar Atjeh, |
| Titles and words associated with a name | Hadji. |
| 245 10 - TITLE STATEMENT | |
| Title | Sedjarah Hidup nabi Muhammad s. a. w., |
| Remainder of title | bersadjak, |
| Statement of responsibility, etc. | oleh H. Aboebakar Atjeh. |
| 260 ## - PUBLICATION, DISTRIBUTION, ETC. | |
| Place of publication, distribution, etc. | Tjirebon, |
| Name of publisher, distributor, etc. | Toko Messir |
| Date of publication, distribution, etc. | [196-?] |
| 300 ## - PHYSICAL DESCRIPTION | |
| Extent | 65 p. |
| Dimensions | 22 cm. |
| 600 00 - SUBJECT ADDED ENTRY--PERSONAL NAME | |
| Personal name | Muḥammad, |
| Titles and other words associated with a name | Prophet, |
| Dates associated with a name | -632 |
| Form subdivision | Poetry. |
No items available.